LIBRARY & INFORMATION CENTRE, KCAET, TAVANUR

ONLINE PUBLIC ACCESS CATALOGUE (OPAC)

Modern Europe: upto 1945 / (Record no. 707)

MARC details
000 -LEADER
fixed length control field 00369cam a2200145ua 4500
082 ## - DEWEY DECIMAL CLASSIFICATION NUMBER
Classification number 940
Item number HAZ/MO
100 ## - MAIN ENTRY--AUTHOR NAME
Personal name Hazen, Charles Downer .
245 ## - TITLE STATEMENT
Title Modern Europe: upto 1945 /
260 ## - PUBLICATION, DISTRIBUTION, ETC. (IMPRINT)
Place of publication :
Name of publisher S.Chand & Sons ,
Year of publication 1963.
300 ## - PHYSICAL DESCRIPTION
Number of Pages 735 ; .
700 1# - ADDED ENTRY--PERSONAL NAME
Personal name Verma, S.P .
942 ## - ADDED ENTRY ELEMENTS (KOHA)
Koha item type Books
Holdings
Withdrawn status Lost status Damaged status Home library Current library Date acquired Cost, normal purchase price Full call number Accession Number Koha item type Public note
Withdrawn     KAUAET Sanskrit University 07/04/2012 12.50 940 7539 Books Transferred to Sanskrit University
free website counter